<?xml version="1.0" encoding="UTF-8"?>
<resp>
  <nextPage>https://data.bn.org.pl/api/networks/bibs.marcxml?marc=001+b0000002998460&amp;sinceId=2998461</nextPage>
  <collection>
    <record xmlns='http://www.loc.gov/MARC21/slim'><leader>02438nam a2200625 i 4500</leader><controlfield tag='001'>b0000002998460</controlfield><controlfield tag='005'>20241203220709.1</controlfield><controlfield tag='008'>140109s1789    pl           |000 0 pol  </controlfield><controlfield tag='009'>9910261391905606</controlfield><datafield ind1=' ' ind2=' ' tag='026'><subfield code='a'>s.i- goem</subfield><subfield code='b'>iaać  łaog (C)</subfield><subfield code='c'>1789 (A)</subfield><subfield code='5'>WA N</subfield></datafield><datafield ind1=' ' ind2=' ' tag='035'><subfield code='a'>991020674409705066</subfield></datafield><datafield ind1=' ' ind2=' ' tag='035'><subfield code='a'>(PL-WaBN)b29984609-48omnis_nlop</subfield></datafield><datafield ind1=' ' ind2=' ' tag='035'><subfield code='a'>b29984609</subfield></datafield><datafield ind1=' ' ind2=' ' tag='035'><subfield code='a'>(OCoLC)891225682</subfield></datafield><datafield ind1=' ' ind2=' ' tag='035'><subfield code='a'>(PL)b0000002998460</subfield></datafield><datafield ind1=' ' ind2=' ' tag='040'><subfield code='a'>WA N</subfield><subfield code='c'>WA N</subfield><subfield code='d'>WA N</subfield></datafield><datafield ind1='0' ind2=' ' tag='041'><subfield code='a'>pol</subfield><subfield code='a'>lat</subfield></datafield><datafield ind1='2' ind2=' ' tag='045'><subfield code='b'>d1030</subfield><subfield code='b'>d1079</subfield></datafield><datafield ind1=' ' ind2=' ' tag='046'><subfield code='k'>1789</subfield></datafield><datafield ind1='1' ind2=' ' tag='100'><subfield code='a'>Lipiński, Augustyn</subfield><subfield code='d'>(?-1814)</subfield><subfield code='e'>Autor</subfield></datafield><datafield ind1='1' ind2='0' tag='245'><subfield code='a'>Kazanie na uroczystość s. Stanisława biskupa krakowskiego, męczennika patrona Korony Polskiey i Wielkiego Xięstwa Litewskiego /</subfield><subfield code='c'>miane w kościele katedralnym krakowskim przez J. X. Augustyna Lipińskiego kanonika katedralnego krakowskiego i płockiego.</subfield></datafield><datafield ind1=' ' ind2=' ' tag='260'><subfield code='a'>W Krakowie :</subfield><subfield code='b'>w Drukarni Szkoły Głowney Koronney,</subfield><subfield code='c'>[po 6 V] 1789.</subfield></datafield><datafield ind1=' ' ind2=' ' tag='300'><subfield code='a'>[20] kart, sygnowanie: [ ]1, A-B8, C3 ;</subfield><subfield code='c'>8°.</subfield></datafield><datafield ind1=' ' ind2=' ' tag='336'><subfield code='a'>Tekst</subfield><subfield code='b'>txt</subfield><subfield code='2'>rdacontent</subfield></datafield><datafield ind1=' ' ind2=' ' tag='337'><subfield code='a'>Bez urządzenia pośredniczącego</subfield><subfield code='b'>n</subfield><subfield code='2'>rdamedia</subfield></datafield><datafield ind1=' ' ind2=' ' tag='338'><subfield code='a'>Wolumin</subfield><subfield code='b'>nc</subfield><subfield code='2'>rdacarrier</subfield></datafield><datafield ind1=' ' ind2=' ' tag='380'><subfield code='a'>Książki</subfield></datafield><datafield ind1=' ' ind2=' ' tag='380'><subfield code='a'>Publikacje religijne</subfield></datafield><datafield ind1=' ' ind2=' ' tag='380'><subfield code='a'>Starodruki</subfield></datafield><datafield ind1='1' ind2=' ' tag='388'><subfield code='a'>1701-1800</subfield></datafield><datafield ind1=' ' ind2=' ' tag='500'><subfield code='a'>Imprimatur datowane: 16 Maij 1789.</subfield></datafield><datafield ind1='4' ind2=' ' tag='510'><subfield code='a'>Estr. XV-XVIII</subfield><subfield code='c'>t. 21 s. 305.</subfield></datafield><datafield ind1=' ' ind2=' ' tag='546'><subfield code='a'>Cytaty biblijne w języku łacińskim.</subfield></datafield><datafield ind1='0' ind2='7' tag='600'><subfield code='a'>Stanisław</subfield><subfield code='c'>(święty ;</subfield><subfield code='d'>ok. 1030-1079)</subfield><subfield code='2'>DBN</subfield></datafield><datafield ind1=' ' ind2='7' tag='648'><subfield code='a'>1001-1100</subfield><subfield code='2'>DBN</subfield></datafield><datafield ind1=' ' ind2='7' tag='650'><subfield code='a'>Kult świętych</subfield><subfield code='2'>DBN</subfield></datafield><datafield ind1=' ' ind2='7' tag='655'><subfield code='a'>Kazania</subfield><subfield code='2'>DBN</subfield></datafield><datafield ind1='2' ind2=' ' tag='710'><subfield code='a'>Drukarnia Szkoły Głównej Koronnej (Kraków)</subfield><subfield code='e'>Druk.</subfield></datafield><datafield ind1=' ' ind2=' ' tag='752'><subfield code='a'>Polska</subfield><subfield code='d'>Kraków.</subfield></datafield><datafield ind1=' ' ind2=' ' tag='852'><subfield code='b'>48OMNIS_NETWORK</subfield><subfield code='8'>9910261391905606</subfield></datafield><datafield ind1=' ' ind2=' ' tag='852'><subfield code='8'>22487505360005066</subfield><subfield code='j'>1</subfield><subfield code='h'>SD W.1.1033</subfield><subfield code='b'>BN_PL</subfield><subfield code='p'>777i4333782x</subfield><subfield code='c'>bstdr</subfield></datafield><datafield ind1=' ' ind2=' ' tag='852'><subfield code='b'>48OMNIS_NLOP</subfield><subfield code='8'>991020674409705066</subfield></datafield><datafield ind1=' ' ind2=' ' tag='950'><subfield code='u'>https://eu05.alma.exlibrisgroup.com/view/uresolver/48OMNIS_NETWORK/openurl?u.ignore_date_coverage=true&amp;portfolio_pid=53713906450005066&amp;Force_direct=true</subfield><subfield code='z'>Zobacz w Polonie: egzemplarz SD W.1.1033</subfield><subfield code='8'>53713906450005066</subfield></datafield></record>
  </collection>
</resp>
